Statystyki dla JAKIE UBRANIA MĘŻCZYŻNI NAJCZĘŚCIEJ POŻYCZAJĄ KOBIETOM?

Kliknij tutaj aby rozwiązać quiz!

Ogólne statystyki

  • Ten quiz został rozwiązany 151 razy
  • Średni wynik to 4 z 7

Statystyki odpowiedzi

Odpowiedź% Poprawnych
Bluzę
73%
Czapkę
63%
Kurtkę
63%
Rękawiczki
63%
Szalik
63%
Koszulę
58%
Marynarkę
19%

Rozkład punktacji

Percentyl według liczby udzielonych odpowiedzi

Procent ludzi z każdym wynikiem

Twoja historia wyników

Nie rozwiązałeś tego quizu